Técnica quirúrgica moderna / (Record no. 129539)

MARC details
000 -LEADER
campo de control de longitud fija 01082nam a2200229 i 4500
001 - NÚMERO DE CONTROL
campo de control 129539
003 - IDENTIFICADOR DE NÚMERO DE CONTROL
campo de control ES-MaACL
005 - FECHA Y HORA DE LA ÚLTIMA TRANSACCIÓN
campo de control 20250806085412.0
007 - CAMPO FIJO DE DESCRIPCIÓN FÍSICA--INFORMACIÓN GENERAL
campo de control de longitud fija t|
008 - DATOS DE LONGITUD FIJA--INFORMACIÓN GENERAL
campo de control de longitud fija 070626s1941 sp ||||1| spa d
100 1# - ENTRADA PRINCIPAL--NOMBRE DE PERSONA
Nombre de persona Thorek, Max.
9 (RLIN) 110135
245 10 - MENCIÓN DEL TÍTULO
Título Técnica quirúrgica moderna /
Mención de responsabilidad, etc. por Max Thorek ; con un prólogo por Donald C. Balfour.
250 ## - MENCION DE EDICION
Mención de edición [1ª ed.].
260 ## - PUBLICACIÓN, DISTRIBUCIÓN, ETC.
Lugar de publicación, distribución, etc. Barcelona :
Nombre del editor, distribuidor, etc. Salvat,
Fecha de publicación, distribución, etc. 1941.
300 ## - DESCRIPCIÓN FÍSICA
Extensión 3 v. ;
Dimensiones 27 cm.
505 8# - NOTA DE CONTENIDO CON FORMATO
Nota de contenido con formato Contiene: I. Técnica operatoria general. Cirugía de la cabeza y cuello y cirugía plástica, con figuras / de W. C. Shepard -- II. Cirugía de los nervios, vasos y huesos.- Cirugía de la mama y el tórax / con 800 figuras en su mayor parte originales de W. C. Shepard -- III. Cirugia abdominal, Hernias y Cirugia genitaurinaria y genecologica / con 770 figuras en su mayor parte originales de W. C. Shepard
650 07 - PUNTO DE ACCESO ADICIONAL DE MATERIA--TÉRMINO DE MATERIA
Término de materia o nombre geográfico como elemento de entrada Cirugía
Fuente del encabezamiento o término embne
9 (RLIN) 11050
700 1# - ENTRADA AGREGADA--NOMBRE PERSONAL
Nombre de persona Balfour, Donald C.
9 (RLIN) 24926
852 ## - LOCALIZACIÓN
Ubicación ES-MaACL
Número de control de estantería P-934
Nota libre .- (Vol. 3º)
852 ## - LOCALIZACIÓN
Ubicación ES-MaACL
Número de control de estantería E-139-41
Sublocalización o colección R.19830
Holdings
Estatus retirado Estado de pérdida Estado de daño No para préstamo Biblioteca de origen Biblioteca actual Ubicación en estantería Fecha de adquisición Fuente de adquisición Total de préstamos Signatura topográfica completa Código de barras Visto por última vez Precio de reemplazo Tipo de ítem Koha
        Biblioteca del Ateneo de Madrid Biblioteca del Ateneo de Madrid Depósito 2 17/01/2008     E-139-41 1134893 23/02/2023 23/02/2023 Libro impreso
        Biblioteca del Ateneo de Madrid Biblioteca del Ateneo de Madrid Depósito 2 17/01/2008     P-934 1134892 23/02/2023 23/02/2023 Libro impreso